|
|
|
|
| LEADER |
01331nam a2200361 a 4500 |
| 001 |
EBC164993 |
| 003 |
MiAaPQ |
| 005 |
20200520144314.0 |
| 006 |
m o d | |
| 007 |
cr cn||||||||| |
| 008 |
930303s1993 enk sb 001 0 eng |
| 010 |
|
|
|z 93018818
|
| 020 |
|
|
|z 0415061954
|
| 035 |
|
|
|a (MiAaPQ)EBC164993
|
| 035 |
|
|
|a (Au-PeEL)EBL164993
|
| 035 |
|
|
|a (CaPaEBR)ebr10017808
|
| 035 |
|
|
|a (CaONFJC)MIL277722
|
| 035 |
|
|
|a (OCoLC)232161400
|
| 040 |
|
|
|a MiAaPQ
|c MiAaPQ
|d MiAaPQ
|
| 050 |
|
4 |
|a HB126.I4
|b D365 1993
|
| 082 |
0 |
4 |
|a 330/.0954
|2 20
|
| 100 |
1 |
|
|a Dasgupta, Ajit Kumar.
|
| 245 |
1 |
2 |
|a A history of Indian economic thought
|h [electronic resource] /
|c Ajit Dasgupta.
|
| 260 |
|
|
|a London ;
|a New York :
|b Routledge,
|c 1993.
|
| 300 |
|
|
|a x, 206 p.
|
| 490 |
1 |
|
|a Routledge history of economic thought series
|
| 504 |
|
|
|a Includes bibliographical references (p. [192]-199) and index.
|
| 533 |
|
|
|a Electronic reproduction. Ann Arbor, MI : ProQuest, 2015. Available via World Wide Web. Access may be limited to ProQuest affiliated libraries.
|
| 650 |
|
0 |
|a Economics
|z India
|x History.
|
| 655 |
|
4 |
|a Electronic books.
|
| 710 |
2 |
|
|a ProQuest (Firm)
|
| 830 |
|
0 |
|a Routledge history of economic thought series.
|
| 856 |
4 |
0 |
|u https://ebookcentral.proquest.com/lib/matrademy/detail.action?docID=164993
|z Click to View
|